000 00269nam a22001217a 4500
003 SGT
082 _a823.92
_bMAR
100 _aMARTIN GEORGER R
245 _aA STORM OF SWORDS GAME OF THRONES
260 _aU.K
_bHARPER PUB
_c2014
300 _a623
942 _2ddc
_cBK
999 _c33547
_d33547